Introduction to computer science (Record no. 5166)

000 -LEADER
fixed length control field 00725nam a2200241 i 4500
001 - CONTROL NUMBER
control field 5166
003 - CONTROL NUMBER IDENTIFIER
control field BD-DhUET
008 - FIXED-LENGTH DATA ELEMENTS--GENERAL INFORMATION
fixed length control field 781012s1979 nyua 001 0 eng
020 ## - INTERNATIONAL STANDARD BOOK NUMBER
International Standard Book Number 0070651639
040 ## - CATALOGING SOURCE
Original cataloging agency DLC
Transcribing agency DLC
Modifying agency BD-DhUET
082 ## - DEWEY DECIMAL CLASSIFICATION NUMBER
Classification number 519.7
Item number TRE/1979
100 ## - MAIN ENTRY--PERSONAL NAME
Personal name Tremblay, Jean-Paul
245 13 - TITLE STATEMENT
Title Introduction to computer science
Remainder of title an algorithmic approach
Statement of responsibility, etc. by Jean-Paul Tremblay and Richard B. Bunt
250 ## - EDITION STATEMENT
Edition statement 1st ed.
260 ## - PUBLICATION, DISTRIBUTION, ETC. (IMPRINT)
Place of publication, distribution, etc. New York
Name of publisher, distributor, etc. McGraw-Hill
Date of publication, distribution, etc. 1979
300 ## - PHYSICAL DESCRIPTION
Extent xx, 636 p.
Other physical details ill.
Dimensions 25 cm.
490 0# - SERIES STATEMENT
Series statement McGraw-Hill computer science series
504 ## - BIBLIOGRAPHY, ETC. NOTE
Bibliography, etc Includes bibliographies
650 #0 - SUBJECT ADDED ENTRY--TOPICAL TERM
Topical term or geographic name as entry element Computer programming
650 #0 - SUBJECT ADDED ENTRY--TOPICAL TERM
Topical term or geographic name as entry element Computer algorithms
700 ## - ADDED ENTRY--PERSONAL NAME
Personal name Bunt, Richard B.
942 ## - ADDED ENTRY ELEMENTS (KOHA)
Koha item type General Book
Holdings
Koha full call number Location (home branch) Copy number Price effective from Shelving location Source of classification or shelving scheme Sublocation or collection (holding branch) Koha item type Koha normalized classification for sorting Piece designation (barcode) Withdrawn status Not for loan Koha date last seen Damaged status Lost status Date acquired
519.7/TRE/1979Central Library, BUET12014-11-25Circulation section Central Library, BUETGeneral Book519_700000000000000_TRE_197975388  2014-11-25  2014-11-25
519.7/TRE/1979Central Library, BUET22014-11-25Circulation section Central Library, BUETGeneral Book519_000000000000000_7TRE197978535  2014-11-25  2014-11-25
519.7/TRE/1979Central Library, BUET32014-11-25Circulation section Central Library, BUETGeneral Book519_000000000000000_7TRE197978536  2014-11-25  2014-11-25